Muskets of the Napoleonic Wars - Statistics

General Stats
  • This quiz has been taken 10 times
  • The average score is 3 of 26
Answer Stats
Nation/Class Name/Model % Correct
French Standard Issue Fusilier Charleville 1777
71%
Prussian Standard Issue Potzdam
43%
Tokugawa Issue Tanegashima
29%
Russian Standard Issue Tula 1808
29%
British Rifled Issue Baker 1805
14%
Bavarian Special Issue Bavarian 1804
14%
Neapolitan Special Issue Gioaccinoville
14%
British Standard Issue India Land Pattern "Brown Bess"
14%
Confederation of the Rhine Mauser Pattern
14%
Spanish Standard Issue Model 1752
14%
Ottoman Standard Issue Tufek
14%
French Tirailleur Issue Charleville Carbine 1807
0%
French Naval French Naval Blunderbuss 1810
0%
Wurttemburich Special Issue Gewehrfabrik
0%
Austrian Wimbuche Issue Girardoni Air-Rifle
0%
Spanish Geurilla Class Guadalajara American Pattern
0%
American Rifled Issue Harper's Ferry U.S. 1803
0%
Austrian Standard Issue Model 1784
0%
Russian Jager Issue Model 1805
0%
Prussian Shutzen Issue Neue Korps-Jägerbüchse 1810
0%
British Naval Royal Navy Sea Service Musket
0%
American Standard Issue Springfield 1795
0%
Swedish Standard Issue Swedish Land Pattern Musket
0%
Tirol Insurrection Class Tiroler Standschützen Verband
0%
Italian Special Issue Turin Pattern
0%
Polish Special Issue Wzór Warzawa
0%
No matching quizzes found
Score Distribution
Percent of People with Each Score
Percentile by Number Answered
Your Score History
You have not taken this quiz